000
00329nam a2200133Ia 4500
008
210312s9999||||xx |||||||||||||| ||und||
041
_a
osm
050
_a
BP50
050
_b
A2.A44
100
_a
Abidin Paşa
245
0
_a
Âlem-i İslâmiyet, müdafaa
260
_c
1899
650
_a
Din--İslam dini--Tarih--Genel çalışmalar
999
_c
22071
_d
22071